Danube River Basin Countries on a Map - Statistics

General Stats
  • This quiz has been taken 2,894 times
  • The average score is 20 of 20
Answers on the Map
Answers color-coded by a green-red scale on the quiz's map according to % correct below.
 
Answer Stats
Country % Correct
Austria
100%
Germany
100%
Bosnia and Herzegovina
99%
Bulgaria
99%
Croatia
99%
Czech Republic
99%
Hungary
99%
Romania
99%
Serbia
99%
Slovakia
99%
Slovenia
99%
Switzerland
99%
Ukraine
99%
Albania
98%
Italy
98%
Kosovo
98%
Moldova
98%
Montenegro
98%
North Macedonia
98%
Poland
98%
No matching quizzes found
Score Distribution
Percent of People with Each Score
Percentile by Number Answered
Your Score History
You have not taken this quiz